000 00903cam a22002653a 4500
001 1198
003 PGUSA
005 20140828082958.0
008 980201s1998||||xxu|||||s|||||000 1 eng d
040 _aPGUSA
_beng
042 _adc
050 4 _aPR
100 1 _aBoldrewood, Rolf,
_d1826-1915
245 1 0 _aRobbery under Arms :
_bA Story of Life and Adventure in the Bush and in the Australian Goldfields
_h[electronic resource] /
_cRolf Boldrewood
260 _bProject Gutenberg,
_c1998
506 _aPublic domain in the USA.
516 _aElectronic text
653 _aAustralia -- Gold discoveries -- Fiction
653 _aGold mines and mining -- Australia -- Fiction
653 _aBushrangers -- Australia -- Fiction
653 _aFrontier and pioneer life -- Australia -- Fiction
830 0 _aProject Gutenberg
_v1198
856 4 0 _uhttp://www.gutenberg.org/ebooks/1198
942 _cEB
999 _c230546
_d230546